[Event "HUN-chT U18"]
[Site "Miskolc"]
[Date "2010.11.03"]
[Round "2.10"]
[White "Csordas, David"]
[Black "Szabo, Gabor"]
[Result "0-1"]
[WhiteElo "1635"]
[BlackElo "1817"]
[PlyCount "58"]
[EventDate "2010.11.02"]
[EventType "team-swiss"]
[EventRounds "8"]
[EventCountry "HUN"]
[SourceTitle "EXT 2016"]
[Source "ChessBase"]
[SourceDate "2015.10.08"]
[SourceVersion "1"]
[SourceVersionDate "2015.10.08"]
[SourceQuality "1"]

1. e4 c5 2. Nf3 d6 3. d4 cxd4 4. Nxd4 Nf6 5. Nc3 a6 6. Be2 e5 7. Nb3 Be6 8. Bg5 Nbd7 9. a4 Be7 10. Nd2 Rc8 11. Nf3 0-0 12. 0-0 Nb6 13. Qd2 Nc4 14. Bxc4 Rxc4 15. Rfe1 Qb6 16. b3 Rc7 17. Nd5 Nxd5 18. exd5 Bxg5 19. Nxg5 Bf5 20. Rac1 Rfc8 21. Qe3 Qxe3 22. Rxe3 Rxc2 23. Rxc2 Bxc2 24. h3 h6 25. Nf3 f5 26. g3 Rc5 27. Ne1 Be4 28. f3 Bxd5 29. Nd3 Rc3 0-1

[Event "HUN-chT U18"]
[Site "Miskolc"]
[Date "2010.11.03"]
[Round "3.5"]
[White "Szabo, Gabor"]
[Black "Bea, Boglarka"]
[Result "0-1"]
[WhiteElo "1817"]
[BlackElo "2109"]
[PlyCount "66"]
[EventDate "2010.11.02"]
[EventType "team-swiss"]
[EventRounds "8"]
[EventCountry "HUN"]
[SourceTitle "EXT 2016"]
[Source "ChessBase"]
[SourceDate "2015.10.08"]
[SourceVersion "1"]
[SourceVersionDate "2015.10.08"]
[SourceQuality "1"]

1. e4 c5 2. Nf3 e6 3. d4 cxd4 4. Nxd4 Nc6 5. Nb5 d6 6. c4 Nf6 7. N1c3 a6 8. Na3 Be7 9. Be2 Qc7 10. Be3 0-0 11. 0-0 b6 12. f3 Ne5 13. Qd2 Bb7 14. Rfd1 h6 15. Rac1 Rac8 16. Qe1 Nfd7 17. Qf2 f5 18. exf5 Rxf5 19. Na4 Ng4 20. fxg4 Rxf2 21. Bxf2 Bg5 22. Rc3 Qc6 23. Bf3 Qxa4 24. b3 Qxa3 25. Bxb7 Rf8 26. Rc2 Qa5 27. h4 Bf4 28. g3 Be5 29. Kh2 b5 30. c5 Nxc5 31. Bxc5 dxc5 32. Rxc5 Qxa2+ 33. Kh3 Bxg3 0-1

[Event "Budapest FS12 FM-C"]
[Site "Budapest"]
[Date "2009.12.13"]
[Round "8"]
[White "Szabo, Gabor"]
[Black "Szabo, Miklos"]
[Result "1-0"]
[WhiteElo "1853"]
[BlackElo "1442"]
[PlyCount "85"]
[EventDate "2009.12.05"]
[EventType "tourn"]
[EventRounds "11"]
[EventCountry "HUN"]
[SourceTitle "EXT 2012"]
[Source "ChessBase"]
[SourceDate "2011.11.24"]
[SourceVersion "1"]
[SourceVersionDate "2011.11.24"]
[SourceQuality "1"]

1. e4 c5 2. Nf3 d6 3. d4 cxd4 4. Qxd4 Bd7 5. c4 Nc6 6. Qd3 Nf6 7. Nc3 g6 8. Be2 Bg7 9. h3 a6 10. 0-0 0-0 11. Be3 e6 12. Qxd6 Bc8 13. Qxd8 Rxd8 14. Rad1 Nd7 15. Nd4 Bxd4 16. Bxd4 e5 17. Be3 Nf8 18. Rxd8 Nxd8 19. Rd1 Be6 20. f4 Nc6 21. Nd5 Rd8 22. fxe5 Bxd5 23. Rxd5 Rxd5 24. exd5 Nxe5 25. b4 f5 26. Bd4 Nfd7 27. a4 Kf8 28. c5 Ke8 29. b5 a5 30. c6 bxc6 31. dxc6 Kd8 32. cxd7 Nxd7 33. Bc3 Kc8 34. Bxa5 Nc5 35. Bd1 Ne4 36. Bb6 Nc3 37. Bb3 Kb7 38. Ba5 Ne2+ 39. Kf2 Nd4 40. Bd5+ Kb8 41. Bc3 Nxb5 42. axb5 Kc8 43. Be5 1-0

[Event "Budapest FS12 FM-C"]
[Site "Budapest"]
[Date "2009.12.11"]
[Round "6"]
[White "Szabo, Gabor"]
[Black "Szoukup, Istvan"]
[Result "1-0"]
[WhiteElo "1853"]
[BlackElo "1730"]
[PlyCount "63"]
[EventDate "2009.12.05"]
[EventType "tourn"]
[EventRounds "11"]
[EventCountry "HUN"]
[SourceTitle "EXT 2012"]
[Source "ChessBase"]
[SourceDate "2011.11.24"]
[SourceVersion "1"]
[SourceVersionDate "2011.11.24"]
[SourceQuality "1"]

1. e4 e5 2. Nf3 Nc6 3. Bb5 a6 4. Bxc6 dxc6 5. 0-0 f6 6. d4 Bg4 7. c3 Bxf3 8. Qxf3 exd4 9. cxd4 Qxd4 10. Rd1 Qe5 11. Bf4 Qxb2 12. Nc3 Bd6 13. Bxd6 cxd6 14. Rab1 Qa3 15. Qg3 Kf7 16. Rxb7+ Ne7 17. Rxe7+ Kxe7 18. Nd5+ cxd5 19. Qxa3 Rhb8 20. exd5 Rb5 21. h4 a5 22. Qe3+ Kf8 23. Qe6 Rd8 24. Re1 Rb7 25. h5 h6 26. Qf5 Kg8 27. Rc1 Rbd7 28. Rc8 Rxc8 29. Qxd7 Rc1+ 30. Kh2 Rc2 31. Qxd6 Rxa2 32. Qe6+ 1-0

[Event "HUN-chT U18"]
[Site "Miskolc"]
[Date "2009.10.30"]
[Round "8.4"]
[White "Szabo, Gabor"]
[Black "Laza, Szabolcs"]
[Result "1/2-1/2"]
[WhiteElo "1853"]
[BlackElo "1751"]
[PlyCount "142"]
[EventDate "2009.10.26"]
[EventType "team-swiss"]
[EventRounds "8"]
[EventCountry "HUN"]
[SourceTitle "EXT 2016"]
[Source "ChessBase"]
[SourceDate "2015.10.08"]
[SourceVersion "1"]
[SourceVersionDate "2015.10.08"]
[SourceQuality "1"]

1. e4 c5 2. Nf3 d6 3. d4 cxd4 4. Qxd4 Nc6 5. Bb5 Bd7 6. Bxc6 Bxc6 7. Nc3 Nf6 8. Bg5 e6 9. 0-0-0 Be7 10. Rhe1 Qc7 11. Kb1 a6 12. Qd2 0-0-0 13. Nd4 h6 14. Bxf6 Bxf6 15. f4 Rhe8 16. g4 Bxd4 17. Qxd4 e5 18. Qf2 f6 19. f5 Rd7 20. Nd5 Bxd5 21. Rxd5 Kb8 22. a4 Qc6 23. a5 Rc8 24. c3 Qc4 25. Qc2 Rc5 26. Red1 Qb5 27. b4 Rdc7 28. Rxc5 dxc5 29. Rd5 Qf1+ 30. Qd1 Qxd1+ 31. Rxd1 Kc8 32. Kb2 cxb4 33. cxb4 Kb8 34. Rd8+ Ka7 35. Kb3 b5 36. axb6+ Kxb6 37. Rd6+ Kb5 38. Rd5+ Kb6 39. h3 Kb7 40. Rd6 Rc6 41. Rd7+ Rc7 42. Rxc7+ Kxc7 43. Ka4 Kb6 44. h4 Ka7 45. Ka5 Kb7 46. b5 axb5 47. Kxb5 Kc7 48. Kc5 Kd7 49. Kd5 Ke7 50. Kc6 Kf7 51. Kd7 Kg8 52. Ke8 Kh7 53. Kf7 Kh8 54. Kg6 Kg8 55. g5 fxg5 56. hxg5 hxg5 57. Kh5 Kf8 58. Kg4 Ke7 59. Kxg5 Kf7 60. Kh5 Kf6 61. Kh4 g6 62. fxg6 Kxg6 63. Kg4 Kf6 64. Kh5 Ke6 65. Kg6 Kd6 66. Kf5 Kd7 67. Kxe5 Ke7 68. Kf5 Kf7 69. Ke5 Ke7 70. Kd5 Kd7 71. e5 Ke7 1/2-1/2

[Event "HUN-chT U18"]
[Site "Miskolc"]
[Date "2009.10.29"]
[Round "7.2"]
[White "Dudas, Eszter"]
[Black "Szabo, Gabor"]
[Result "1-0"]
[WhiteElo "2160"]
[BlackElo "1853"]
[PlyCount "31"]
[EventDate "2009.10.26"]
[EventType "team-swiss"]
[EventRounds "8"]
[EventCountry "HUN"]
[SourceTitle "EXT 2016"]
[Source "ChessBase"]
[SourceDate "2015.10.08"]
[SourceVersion "1"]
[SourceVersionDate "2015.10.08"]
[SourceQuality "1"]

1. e4 c5 2. Nf3 Nc6 3. Nc3 e6 4. d4 cxd4 5. Nxd4 Nf6 6. g3 Bb4 7. Bg2 Qa5 8. 0-0 Bxc3 9. bxc3 Qxc3 10. Nxc6 Qxa1 11. Qd6 bxc6 12. Ba3 Qxf1+ 13. Bxf1 Kd8 14. Qe7+ Kc7 15. Qxf7 Bb7 16. Qxg7 1-0

[Event "HUN-chT U18"]
[Site "Miskolc"]
[Date "2009.10.28"]
[Round "5.3"]
[White "Szabo, Csanad"]
[Black "Szabo, Gabor"]
[Result "1/2-1/2"]
[WhiteElo "1820"]
[BlackElo "1853"]
[PlyCount "61"]
[EventDate "2009.10.26"]
[EventType "team-swiss"]
[EventRounds "8"]
[EventCountry "HUN"]
[SourceTitle "EXT 2016"]
[Source "ChessBase"]
[SourceDate "2015.10.08"]
[SourceVersion "1"]
[SourceVersionDate "2015.10.08"]
[SourceQuality "1"]

1. d4 Nf6 2. Nf3 e6 3. g3 c5 4. Bg2 cxd4 5. Nxd4 Nc6 6. 0-0 a6 7. c4 Bc5 8. Nb3 Be7 9. Nc3 b6 10. Bf4 0-0 11. Qd2 Ne8 12. Rfd1 g5 13. Bxc6 dxc6 14. Qxd8 Bxd8 15. Rxd8 gxf4 16. Na4 Rb8 17. Nxb6 Rxb6 18. Rxc8 Nf6 19. Rxf8+ Kxf8 20. Rd1 fxg3 21. hxg3 Ke7 22. c5 Rb5 23. Rd6 Rxc5 24. Rxe6+ Kxe6 25. Nxc5+ Kd6 26. Nd3 a5 27. Kf1 Ne4 28. g4 Kd5 29. f4 f6 30. e3 Kc4 31. Ke2 1/2-1/2

[Event "HUN-chT U18"]
[Site "Miskolc"]
[Date "2009.10.27"]
[Round "3.7"]
[White "Huszar, Georgina"]
[Black "Szabo, Gabor"]
[Result "0-1"]
[WhiteElo "1687"]
[BlackElo "1853"]
[PlyCount "84"]
[EventDate "2009.10.26"]
[EventType "team-swiss"]
[EventRounds "8"]
[EventCountry "HUN"]
[SourceTitle "EXT 2016"]
[Source "ChessBase"]
[SourceDate "2015.10.08"]
[SourceVersion "1"]
[SourceVersionDate "2015.10.08"]
[SourceQuality "1"]

1. d4 Nf6 2. Nc3 e6 3. e4 c5 4. Nf3 cxd4 5. Nxd4 Nc6 6. Bg5 Bb4 7. Nxc6 bxc6 8. e5 Qa5 9. exf6 Qxg5 10. fxg7 Qxg7 11. Qd3 d5 12. 0-0-0 a5 13. Na4 Ba6 14. Qd4 Qxd4 15. Rxd4 Bxf1 16. Rxf1 Rb8 17. a3 Bd6 18. Nc3 Rg8 19. g3 c5 20. Rd2 Kd7 21. f4 Kc6 22. f5 Rbf8 23. Rdf2 h5 24. fxe6 fxe6 25. Rxf8 Rxf8 26. Rxf8 Bxf8 27. a4 Bh6+ 28. Kd1 e5 29. Ke2 e4 30. h3 Kd6 31. Nd1 d4 32. b3 Bc1 33. Nf2 Ke5 34. h4 Kf5 35. Kf1 Be3 36. Nd1 Kg4 37. Kg2 Bd2 38. Nf2+ Kf5 39. Kf1 e3 40. Nd3 Kg4 41. Nf4 Kxg3 42. Nxh5+ Kf3 0-1

[Event "SVK-chT3A2 0910"]
[Site "Slovakia"]
[Date "2009.10.18"]
[Round "1.6"]
[White "Hrubsa, Marian"]
[Black "Szabo, Gabor"]
[Result "1/2-1/2"]
[WhiteElo "1930"]
[BlackElo "1941"]
[PlyCount "79"]
[EventDate "2009.10.18"]
[EventType "team-tourn"]
[EventRounds "11"]
[EventCountry "SVK"]
[SourceTitle "EXT 2011"]
[Source "ChessBase"]
[SourceDate "2010.11.26"]
[SourceVersion "1"]
[SourceVersionDate "2010.11.26"]
[SourceQuality "1"]
[WhiteTeam "Skalica"]
[BlackTeam "Velky Meder"]
[WhiteTeamCountry "SVK"]
[BlackTeamCountry "SVK"]

1. e4 c5 2. Nf3 d6 3. d4 cxd4 4. Nxd4 Nf6 5. Nc3 a6 6. Be2 e6 7. Be3 Nc6 8. 0-0 Bd7 9. a3 b5 10. f4 Na5 11. b3 Rc8 12. Qe1 Qc7 13. Bd2 Qb6 14. Qf2 Rxc3 15. Bxc3 Nxe4 16. Qe3 Nxc3 17. Qxc3 Nc6 18. Rad1 g6 19. Qe3 e5 20. Nf5 Qb8 21. Ng3 Bh6 22. Ne4 Nd4 23. Nf6+ Kd8 24. Nxd7 Kxd7 25. Qh3+ f5 26. Bxb5+ axb5 27. Qxh6 Ne2+ 28. Kh1 Nxf4 29. Rxf4 exf4 30. Qxf4 Re8 31. Qd4 Qc7 32. h3 Re4 33. Qd5 Qc6 34. Qf7+ Re7 35. Qf6 Re2 36. Qf7+ Re7 37. Qd5 Re2 38. Qf7+ Re7 39. Qd5 Re4 40. Qf7+ 1/2-1/2

[Event "HUN-chT2 Breyer 0809"]
[Site "Hungary"]
[Date "2009.04.05"]
[Round "10"]
[White "Farkas, Balint"]
[Black "Szabo, Gabor"]
[Result "1-0"]
[WhiteElo "2046"]
[BlackElo "1902"]
[PlyCount "73"]
[EventDate "2008.10.26"]
[EventType "team-tourn"]
[EventRounds "11"]
[EventCountry "HUN"]
[SourceTitle "EXT 2010"]
[Source "ChessBase"]
[SourceDate "2010.11.25"]
[SourceVersion "1"]
[SourceVersionDate "2010.11.25"]
[SourceQuality "1"]
[WhiteTeam "Geniusz Tata"]
[BlackTeam "Gyor Komszomol"]
[WhiteTeamCountry "HUN"]
[BlackTeamCountry "HUN"]

1. d4 d5 2. Nf3 c5 3. c3 Nf6 4. g3 Bf5 5. Bg2 e6 6. 0-0 Nc6 7. Bg5 h6 8. Bxf6 Qxf6 9. e3 c4 10. Nbd2 Bd6 11. Re1 0-0 12. e4 dxe4 13. Nxe4 Qd8 14. Nfd2 b5 15. a4 Bxe4 16. Bxe4 Qb6 17. axb5 Qxb5 18. Qa4 Qxa4 19. Rxa4 Rac8 20. Nxc4 Bb8 21. Bxc6 Rxc6 22. Ne5 Rc7 23. Ra6 Rb7 24. b4 Rc8 25. Rc6 Rbc7 26. Rxc7 Bxc7 27. Nd3 a5 28. b5 Bb6 29. Rc1 f6 30. Kf1 Kf7 31. Ke2 Ke7 32. Kd2 Kd6 33. Nb2 e5 34. Kd3 Ke6 35. Re1 Kf5 36. Nc4 e4+ 37. Rxe4 1-0

[Event "SVK-chT3A2 0809"]
[Site "Slovakia"]
[Date "2009.03.29"]
[Round "11.5"]
[White "Szabo, Gabor"]
[Black "Curidlo, Jan"]
[Result "1-0"]
[WhiteElo "1902"]
[BlackElo "1979"]
[PlyCount "59"]
[EventDate "2008.10.19"]
[EventType "team-tourn"]
[EventRounds "11"]
[EventCountry "SVK"]
[SourceTitle "EXT 2010"]
[Source "ChessBase"]
[SourceDate "2010.11.25"]
[SourceVersion "1"]
[SourceVersionDate "2010.11.25"]
[SourceQuality "1"]
[WhiteTeam "Velky Meder MSK Thermal"]
[BlackTeam "Piestany Kupele II"]
[WhiteTeamCountry "SVK"]
[BlackTeamCountry "SVK"]

1. e4 c5 2. c3 e6 3. d4 cxd4 4. cxd4 Nf6 5. Nc3 d6 6. Nf3 a6 7. Bd3 Be7 8. 0-0 0-0 9. Qc2 h6 10. Bf4 Nc6 11. a3 Nh5 12. Be3 Qc7 13. Rac1 Bd7 14. Qd2 Qd8 15. e5 dxe5 16. dxe5 g5 17. h3 Ng7 18. Bb1 f6 19. Rfd1 Nb8 20. exf6 Bxf6 21. Qc2 Nf5 22. g4 Bxc3 23. bxc3 Qe8 24. gxf5 Ba4 25. Qe4 Bxd1 26. Rxd1 Rxf5 27. Qxb7 Rb5 28. Qxa8 Qh5 29. Rd8+ Kf7 30. Qa7+ 1-0

[Event "SVK-chT3A2 0809"]
[Site "Slovakia"]
[Date "2009.02.08"]
[Round "7.4"]
[White "Kosar, Mikulas"]
[Black "Szabo, Gabor"]
[Result "1/2-1/2"]
[WhiteElo "1891"]
[BlackElo "1902"]
[PlyCount "29"]
[EventDate "2008.10.19"]
[EventType "team-tourn"]
[EventRounds "11"]
[EventCountry "SVK"]
[SourceTitle "EXT 2010"]
[Source "ChessBase"]
[SourceDate "2010.11.25"]
[SourceVersion "1"]
[SourceVersionDate "2010.11.25"]
[SourceQuality "1"]
[WhiteTeam "Gabcikovo"]
[BlackTeam "Velky Meder MSK Thermal"]
[WhiteTeamCountry "SVK"]
[BlackTeamCountry "SVK"]

1. e4 e5 2. Nf3 Nc6 3. Bc4 Nf6 4. Ng5 d5 5. exd5 Na5 6. Bb5+ Bd7 7. Qe2 Bd6 8. Bxd7+ Qxd7 9. c4 h6 10. Nf3 0-0 11. Nc3 Qg4 12. 0-0 Qxc4 13. Re1 Qxe2 14. Rxe2 Rfe8 15. d3 1/2-1/2

[Event "HUN-chT2 Breyer 0809"]
[Site "Hungary"]
[Date "2009.02.08"]
[Round "7"]
[White "Szabo, Gabor"]
[Black "Pallag, Gergely"]
[Result "0-1"]
[WhiteElo "1902"]
[BlackElo "2009"]
[PlyCount "36"]
[EventDate "2008.10.26"]
[EventType "team-tourn"]
[EventRounds "11"]
[EventCountry "HUN"]
[SourceTitle "EXT 2010"]
[Source "ChessBase"]
[SourceDate "2010.11.25"]
[SourceVersion "1"]
[SourceVersionDate "2010.11.25"]
[SourceQuality "1"]
[WhiteTeam "Geniusz Tata"]
[BlackTeam "Kisber Aszar"]
[WhiteTeamCountry "HUN"]
[BlackTeamCountry "HUN"]

1. e4 e6 2. d4 d5 3. Nd2 Nf6 4. e5 Nfd7 5. f4 c5 6. c3 Nc6 7. Ndf3 Qb6 8. g3 cxd4 9. cxd4 Be7 10. Ne2 0-0 11. Bh3 Kh8 12. 0-0 f6 13. Bxe6 Ndxe5 14. Nxe5 fxe5 15. Bxd5 exd4 16. Kh1 Bh3 17. Re1 Bg4 18. Bg2 Bb4 0-1

[Event "Eger Tel op"]
[Site "Eger"]
[Date "2009.01.29"]
[Round "1"]
[White "Toth, Daniel Heves"]
[Black "Szabo, Gabor"]
[Result "1-0"]
[WhiteElo "2262"]
[BlackElo "1870"]
[PlyCount "39"]
[EventDate "2009.01.29"]
[EventType "swiss"]
[EventRounds "7"]
[EventCountry "HUN"]
[SourceTitle "EXT 2011"]
[Source "ChessBase"]
[SourceDate "2010.11.26"]
[SourceVersion "1"]
[SourceVersionDate "2010.11.26"]
[SourceQuality "1"]

1. d4 Nf6 2. c4 e6 3. g3 c5 4. Nf3 cxd4 5. Nxd4 Nc6 6. Bg2 Bc5 7. Nb3 Be7 8. Nc3 0-0 9. 0-0 b6 10. Bf4 a6 11. Qd2 Bb7 12. Rfd1 Qc8 13. Na4 Na5 14. Nxb6 Nxb3 15. Nxc8 Nxd2 16. Nxe7+ Kh8 17. Bxb7 Ra7 18. Bg2 Nxc4 19. b3 Na5 20. Bd6 1-0

[Event "HUN-chT2 Breyer 0809"]
[Site "Hungary"]
[Date "2008.11.30"]
[Round "3"]
[White "Molnar, Laszlo"]
[Black "Szabo, Gabor"]
[Result "1-0"]
[WhiteElo "2247"]
[BlackElo "1902"]
[PlyCount "99"]
[EventDate "2008.10.26"]
[EventType "team-tourn"]
[EventRounds "11"]
[EventCountry "HUN"]
[SourceTitle "EXT 2010"]
[Source "ChessBase"]
[SourceDate "2010.11.25"]
[SourceVersion "1"]
[SourceVersionDate "2010.11.25"]
[SourceQuality "1"]
[WhiteTeam "Geniusz Tata"]
[BlackTeam "BEAC II"]
[WhiteTeamCountry "HUN"]
[BlackTeamCountry "HUN"]

1. e4 c5 2. Nf3 Nc6 3. Bb5 e6 4. Bxc6 bxc6 5. d3 Qc7 6. 0-0 Ne7 7. Qe2 Ng6 8. e5 Be7 9. b3 0-0 10. Bb2 d6 11. exd6 Bxd6 12. Nbd2 e5 13. Nc4 Bg4 14. h3 Nf4 15. Qd1 Bxh3 16. gxh3 Nxh3+ 17. Kh1 e4 18. dxe4 Bf4 19. Be5 Qe7 20. Qd6 Qxd6 21. Bxd6 Bxd6 22. Nxd6 Rad8 23. Nb7 Rd7 24. Nxc5 Rd6 25. Nd3 g5 26. Nh2 h5 27. Kg2 g4 28. f3 Ng5 29. e5 Rd4 30. fxg4 hxg4 31. Rf4 Rxf4 32. Nxf4 f5 33. exf6 Rxf6 34. Rf1 Rd6 35. Nxg4 Rd2+ 36. Rf2 Rxf2+ 37. Nxf2 Kf7 38. Kg3 Ke7 39. Kg4 Nf7 40. Kf5 Nd6+ 41. Ke5 Kd7 42. Ne4 Nf7+ 43. Kd4 Kc7 44. Kc5 Ne5 45. Ne6+ Kd7 46. Nd4 Kc7 47. Nf6 a6 48. a4 Kb7 49. Ne8 a5 50. Kd6 1-0

[Event "HUN-chT U18"]
[Site "Miskolc"]
[Date "2008.10.30"]
[Round "6.6"]
[White "Bodi, Tibor"]
[Black "Szabo, Gabor"]
[Result "1/2-1/2"]
[WhiteElo "1867"]
[BlackElo "1886"]
[PlyCount "136"]
[EventDate "2008.10.27"]
[EventType "team-swiss"]
[EventRounds "8"]
[EventCountry "HUN"]
[SourceTitle "EXT 2016"]
[Source "ChessBase"]
[SourceDate "2015.10.08"]
[SourceVersion "1"]
[SourceVersionDate "2015.10.08"]
[SourceQuality "1"]

1. e4 c5 2. Nf3 e6 3. d4 cxd4 4. Nxd4 Nc6 5. Nc3 Qc7 6. Ndb5 Qb8 7. Be3 a6 8. Nd4 Qc7 9. Be2 Nf6 10. 0-0 Be7 11. f4 d6 12. Bf3 Bd7 13. Qe1 Nxd4 14. Bxd4 e5 15. Be3 Bc6 16. Rd1 b5 17. Nd5 Bxd5 18. fxe5 dxe5 19. exd5 Bd6 20. Bg5 Nd7 21. Rd3 Rc8 22. Rc3 Qb6+ 23. Be3 Bc5 24. Bxc5 Rxc5 25. Kh1 0-0 26. Be4 g6 27. Rh3 f5 28. b4 Rc7 29. d6 Qxd6 30. Rd3 Qe7 31. Bd5+ Kh8 32. Bb3 Nf6 33. Rf2 Ng4 34. Rfd2 f4 35. Rd6 Ne3 36. a3 Qg5 37. Rxa6 Kg7 38. Rad6 Kh6 39. a4 bxa4 40. Bxa4 Rcc8 41. Bb3 Rf5 42. Be6 Rf6 43. Bh3 Rxd6 44. Rxd6 Nxc2 45. Qd2 Ne3 46. Rd3 Ra8 47. Rc3 e4 48. Rc1 Rd8 49. Qf2 Rd1+ 50. Rxd1 Nxd1 51. Qd4 Ne3 52. Qxe4 Qb5 53. Qxf4+ Qg5 54. Qxg5+ Kxg5 55. b5 Nc4 56. Bd7 Nb6 57. Bc6 Kf4 58. Kg1 Ke3 59. h3 g5 60. Kh2 Kf4 61. Kg1 Ke3 62. Kf1 h6 63. Ke1 Nc4 64. Kf1 Nd2+ 65. Kg1 Nc4 66. Kh2 Kf4 67. g4 Ke3 68. Kg2 Nb6 1/2-1/2

[Event "SVK-chT2B 0708"]
[Site "Slovakia"]
[Date "2008.01.12"]
[Round "7.2"]
[White "Szabo, Gabor"]
[Black "Mellen, Milan"]
[Result "1-0"]
[WhiteElo "1912"]
[BlackElo "1945"]
[PlyCount "53"]
[EventDate "2007.10.06"]
[EventType "team-tourn"]
[EventRounds "11"]
[EventCountry "SVK"]
[SourceTitle "EXT 2010"]
[Source "ChessBase"]
[SourceDate "2010.11.25"]
[SourceVersion "1"]
[SourceVersionDate "2010.11.25"]
[SourceQuality "1"]
[WhiteTeam "Komarno KSC II"]
[BlackTeam "Nove Zamky Basta II"]
[WhiteTeamCountry "SVK"]
[BlackTeamCountry "SVK"]

1. e4 c5 2. c3 d5 3. exd5 Qxd5 4. d4 Nf6 5. Nf3 Nc6 6. Be2 cxd4 7. cxd4 e6 8. 0-0 Be7 9. Nc3 Qa5 10. Bd2 Qd8 11. Bg5 0-0 12. a3 a6 13. Qd3 h6 14. Bf4 b5 15. Qd2 Re8 16. Bd3 Bf8 17. Rac1 Bb7 18. Rfd1 b4 19. Ne4 Nd5 20. Nc5 Bxc5 21. Rxc5 Nxf4 22. Qxf4 Rc8 23. Rdc1 Qf6 24. Qe4 Na5 25. Qh7+ Kf8 26. Rxc8 Bxc8 27. Rxc8 1-0

[Event "SVK-ch U18"]
[Site "Liptovsky Mikulas"]
[Date "2007.04.24"]
[Round "4"]
[White "Szabo, Gabor"]
[Black "Lelkes, Oliver"]
[Result "1-0"]
[WhiteElo "1867"]
[BlackElo "1589"]
[PlyCount "35"]
[EventDate "2007.04.22"]
[EventType "swiss"]
[EventRounds "9"]
[EventCountry "SVK"]
[SourceTitle "EXT 2008"]
[Source "ChessBase"]
[SourceDate "2007.11.25"]
[SourceVersion "1"]
[SourceVersionDate "2007.11.25"]
[SourceQuality "1"]

1. e4 c5 2. Nf3 Nc6 3. c3 d5 4. exd5 Qxd5 5. d4 Bg4 6. Be2 cxd4 7. cxd4 e6 8. h3 Bh5 9. Nc3 Qa5 10. a3 Nf6 11. 0-0 Be7 12. b4 Nxb4 13. axb4 Qxa1 14. Qb3 Bxf3 15. gxf3 Bxb4 16. Qxb4 Nd5 17. Nxd5 exd5 18. Ba3 1-0

[Event "SVK-ch U18"]
[Site "Liptovsky Mikulas"]
[Date "2007.04.22"]
[Round "1"]
[White "Farkas, Gabor"]
[Black "Szabo, Gabor"]
[Result "1-0"]
[WhiteElo "2298"]
[BlackElo "1867"]
[PlyCount "69"]
[EventDate "2007.04.22"]
[EventType "swiss"]
[EventRounds "9"]
[EventCountry "SVK"]
[SourceTitle "EXT 2008"]
[Source "ChessBase"]
[SourceDate "2007.11.25"]
[SourceVersion "1"]
[SourceVersionDate "2007.11.25"]
[SourceQuality "1"]

1. e4 c5 2. Nf3 Nc6 3. d4 cxd4 4. Nxd4 e6 5. Be3 Nf6 6. Nc3 Bb4 7. Bd3 d5 8. exd5 exd5 9. 0-0 Bxc3 10. bxc3 0-0 11. Bg5 h6 12. Bh4 Ne5 13. Re1 Ng6 14. Bg3 Bd7 15. Rb1 Qc8 16. Qd2 a6 17. Rb6 Bb5 18. Bf5 Qc5 19. Rxb7 Ne4 20. Rxe4 dxe4 21. Bxg6 fxg6 22. Rxg7+ Kxg7 23. Ne6+ Kh7 24. Nxc5 Rad8 25. Qe1 e3 26. fxe3 Rd2 27. Ne6 Rf1+ 28. Qxf1 Bxf1 29. Kxf1 Rxc2 30. Nc5 Rxa2 31. e4 Kg8 32. Bd6 Kf7 33. e5 a5 34. e6+ Ke8 35. Ne4 1-0

[Event "SVK-chT2B 0607"]
[Site "Slovakia"]
[Date "2007.01.13"]
[Round "7.3"]
[White "Szeko, Ludovit"]
[Black "Szabo, Gabor"]
[Result "1-0"]
[WhiteElo "1987"]
[BlackElo "1931"]
[PlyCount "85"]
[EventDate "2006.10.14"]
[EventType "team-tourn"]
[EventRounds "11"]
[EventCountry "SVK"]
[SourceTitle "EXT 2008"]
[Source "ChessBase"]
[SourceDate "2007.11.25"]
[SourceVersion "1"]
[SourceVersionDate "2007.11.25"]
[SourceQuality "1"]
[WhiteTeam "Nove Zamky II"]
[BlackTeam "Komarno KSC"]
[WhiteTeamCountry "SVK"]
[BlackTeamCountry "SVK"]

1. e4 c5 2. Nf3 Nc6 3. d4 cxd4 4. Nxd4 Nf6 5. Nc3 d6 6. a4 a6 7. Be2 e6 8. 0-0 Bd7 9. Be3 d5 10. exd5 exd5 11. Bf3 Be6 12. Re1 Bb4 13. Nxe6 fxe6 14. Bd4 Qd6 15. Bxf6 gxf6 16. Bxd5 e5 17. Qh5+ Kd8 18. Red1 Nd4 19. Bxb7 Ra7 20. Ne4 Qc7 21. Bxa6 Rxa6 22. c3 Qc6 23. Ng3 Bxc3 24. bxc3 Qxc3 25. Qf7 Rd6 26. Rab1 Qc7 27. Qa2 Ke7 28. Ne4 Rc6 29. Qa3+ Kf7 30. Qh3 Rc2 31. Qh5+ Ke7 32. Qh6 Rf8 33. Qxh7+ Rf7 34. Qh8 Qa7 35. Rb8 Ke6 36. Re8+ Kd7 37. Nxf6+ Kc7 38. Rc8+ Kb6 39. Rb1+ Ka6 40. Ra8 Re7 41. Rxa7+ Rxa7 42. Nd5 Nc6 43. Qh3 1-0

[Event "Balatonalmadi Pannonia Cup 11th"]
[Site "Balatonalmadi"]
[Date "2006.08.05"]
[Round "5"]
[White "Repasi, Zoltan Jr"]
[Black "Szabo, Gabor"]
[Result "1-0"]
[WhiteElo "2205"]
[BlackElo "1911"]
[PlyCount "39"]
[EventDate "2006.08.02"]
[EventType "swiss"]
[EventRounds "7"]
[EventCountry "HUN"]
[SourceTitle "EXT 2016"]
[Source "ChessBase"]
[SourceDate "2015.10.08"]
[SourceVersion "1"]
[SourceVersionDate "2015.10.08"]
[SourceQuality "1"]

1. d4 d5 2. c4 dxc4 3. Nf3 c5 4. d5 e6 5. Nc3 Nf6 6. e4 a6 7. a4 exd5 8. e5 d4 9. Bxc4 Nbd7 10. exf6 dxc3 11. Qe2+ Be7 12. fxe7 Qxe7 13. bxc3 Qxe2+ 14. Bxe2 0-0 15. 0-0 Nf6 16. Ba3 Ne4 17. Rfe1 Bf5 18. Bd3 Rfe8 19. Nh4 c4 20. Bb1 1-0